000 00448nam a2200157Ia 4500
005 20250424120238.0
008 250424s9999 xx 000 0 und d
022 _a15966194
050 _aGE 1 .G57/
245 0 _aGlobal journal of environmental sciences
260 _aCalabar
260 _c2011
300 _a60 p. : ill. ; 28 cm.
650 _aEnvironmental sciences--Nigeria--Periodicals. Environmental sciences--Periodicals.
942 _cSR
999 _c38215
_d38215